| 000 | 00611cam a22002055a 4500 | ||
|---|---|---|---|
| 001 | L158436 | ||
| 008 | 080131m2014 xxk f 000 0 eng d | ||
| 035 | _a(Sirsi) u158436 | ||
| 041 | 0 | _aeng | |
| 050 | 0 | 4 | _a692.5 $2 18 |
| 110 | 2 |
_aBuilding Cost Information Service _91096 |
|
| 245 | 0 | 0 |
_aBCIS _bOver 50 years of independent construction cost information |
| 260 |
_aLondon _bBCIS _c2014 |
||
| 300 |
_a10 _c10cm. |
||
| 490 | 0 | _aBCIS Corporate Brochure | |
| 651 | 4 |
_aUnited Kingdom _y |
|
| 690 | _aBUILT ENVIRONMENT-BUILDING COSTS | ||
| 710 | 1 |
_aRoyal Institution of Chartered Surveyors _94900 |
|
| 942 | _n0 | ||
| 999 |
_c115306 _d115306 |
||